| 000 | 00000nam 2200000za 4500 |
| 001 | 9.816986 |
| 003 | CaOODSP |
| 005 | 20221107142354 |
| 007 | cr ||||||||||| |
| 008 | 160505s2013 xxc |o f|0| 0 eng d |
| 040 | |aCaOODSP|beng |
| 043 | |an-cn--- |
| 086 | 1 |aPE2-12/2013E-PDF |
| 110 | 1 |aCanada.|bPublic Servants Disclosure Protection Tribunal Canada. |
| 245 | 10|aAdjournment policy |h[electronic resource]. |
| 260 | |a[Ottawa] : |bPublic Servants Disclosure Protection Tribunal Canada, |c2013. |
| 300 | |a7 p. |
| 500 | |aJuly 2013. |
| 500 | |aIssued also in French under title: Politique sur les ajournements. |
| 692 | 07|2gccst|aMethodology |
| 775 | 08|tPolitique sur les ajournements |w(CaOODSP)9.816995 |
| 856 | 40|qPDF|s350 KB|uhttps://publications.gc.ca/collections/collection_2016/tpfdc-psdptc/PE2-12-2013-eng.pdf |